000 00747nam a2200181 i 4500
001 155242
003 ES-MaACL
005 20230906210015.0
008 040719s1871 fr |||| | fre d
040 _aCAM
_bspa
_cCAM
100 1 _aHennequin, Alfred.
_9127851
245 1 4 _aLes trois chapeaux
_b: comédie en trois actes /
_cpar Alfred Hennequin.
250 _a2e éd.
260 _aParis :
_bMichel Lévy Frères, éditeurs :
_bLibrairie Nouvelle,
_c1871 (
_eClichy :
_fImp. Paul Dupont et C.)
300 _a76 p. ;
_c18 cm.
500 _aReprésentée pour la première fois à Paris, sur le Théâtre du Vaudeville, le 31 août 1871.
852 _aES-MaACL
_jT-734-F-1
_z-- Enc. hol., falto de la cub. original
_z-- Enc. en un vol. facticio
999 _c155242
_d155242